000 01225cab a2200313 4500
001 ABS46078
008 090401t xxu||||| |||| 00| 0 eng d
035 _a(Sirsi) u56730
041 _aeng
100 _aDent, P.
245 _aInvesting in the privately rented sector
260 _c10(2) Winter 1991/92, 509-513(3)
350 _a0
490 _aJournal of Property Valuation and Investment
_v10(2) Winter 1991/92, 509-513(3)
520 _aThis paper uses an explicit risk model to examine investment performance in the privately rented housing sector. By using such rational analysis, it is possible to identify target returns for these investments. An examination is also made of the reasons for disinvestment and the factors which need to be addressed in order to sustain a viable sector in the future. (Journal abstract)
650 _aEXPLICIT RISK MODELS
650 _aINVESTMENT RETURNS
650 _aPORTFOLIO ANALYSIS
650 _aPRIVATE RENTED SECTOR
650 _aPRIVATE SECTOR
650 _aPROPERTY INVESTMENT
650 _aRENTED HOUSING
650 _aRESIDENTIAL SECTOR
650 _aRISK ANALYSIS
690 _aHOUSING
700 _aDoling, J.
942 _n0
948 _c04/03/1997
999 _c34627
_d34627